Where's hot and where's not (Record no. 84312)
[ view plain ]
| 000 -LEADER | |
|---|---|
| fixed length control field | 00725cab a22001935a 4500 |
| 001 - CONTROL NUMBER | |
| control field | L157256 |
| 008 - FIXED-LENGTH DATA ELEMENTS--GENERAL INFORMATION | |
| fixed length control field | 121008e2012 xxk 000 0 eng d |
| 035 ## - SYSTEM CONTROL NUMBER | |
| System control number | (Sirsi) u157256 |
| 041 0# - LANGUAGE CODE | |
| Language code of text/sound track or separate title | eng |
| 100 1# - MAIN ENTRY--PERSONAL NAME | |
| Personal name | Ives, Paul |
| 245 00 - TITLE STATEMENT | |
| Title | Where's hot and where's not |
| 260 ## - PUBLICATION, DISTRIBUTION, ETC. | |
| Date of publication, distribution, etc. | 2012 |
| 490 #0 - SERIES STATEMENT | |
| Series statement | Sustainablebuilding inc Propertyforecast |
| Volume/sequential designation | (69) September 2012, 14-15(2) |
| 520 ## - SUMMARY, ETC. | |
| Summary, etc. | Seeks to read the office letting trends in the central London market (City, West End, Midtown and other areas) based on the pattern of the rents occupiers are willing to pay, the location of hotspots, and the forecasts of likely future trends. |
| 590 ## - LOCAL NOTE (RLIN) | |
| Local note | KA |
| 651 #4 - SUBJECT ADDED ENTRY--GEOGRAPHIC NAME | |
| Geographic name | London |
| 690 ## - LOCAL SUBJECT ADDED ENTRY--TOPICAL TERM (OCLC, RLIN) | |
| Topical term or geographic name as entry element | Commercial property |
| 9 (RLIN) | 6227 |
| 942 ## - ADDED ENTRY ELEMENTS (KOHA) | |
| Suppress in OPAC | 0 |
| Withdrawn status | Lost status | Source of classification or shelving scheme | Damaged status | Not for loan | Home library | Current library | Shelving location | Date acquired | Total Checkouts | Full call number | Barcode | Date last seen | Copy number | Price effective from | Koha item type |
|---|---|---|---|---|---|---|---|---|---|---|---|---|---|---|---|
| Dewey Decimal Classification | London | London | Journal article | 08/10/2012 | L157256 | 157256-1001 | 06/08/2019 | 1 | 06/08/2019 | Journal article |